000 00311nam a22001337a 4500
008 180924b xxu||||| |||| 00| 0 eng d
020 _a082618320
041 _aeng
080 _a159.9
100 _a48
101 _aPSI
245 _aKey words in psychosocial rehabilitation
_cElsenberg,M.G
942 _2udc
_cBK
999 _c48319
_d48319